Kísérleti lélektan az iskolában

Elmentve itt :
Bibliográfiai részletek
Szerző: Várnai Sándor
Dokumentumtípus: Cikk
Megjelent: 1895
Sorozat:Magyar pedagógia : a Magyar Tudományos Akadémia Pedagógiai Bizottságának folyóirata 4
Kulcsszavak:Pszichológia magyar 19. sz., Kísérleti lélektan
Online Access:http://misc.bibl.u-szeged.hu/7056
LEADER 00680nab a2200181 i 4500
001 misc7056
005 20191106144307.0
008 170607s1895 hu o 0|| hun d
022 |a 0025-0260 
040 |a SZTE Miscellanea Repozitórium  |b hun 
041 |a hun 
100 1 |a Várnai Sándor 
245 1 0 |a Kísérleti lélektan az iskolában  |h [elektronikus dokumentum] /  |c  Várnai Sándor 
260 |c 1895 
300 |a 184-189 
490 0 |a Magyar pedagógia : a Magyar Tudományos Akadémia Pedagógiai Bizottságának folyóirata  |v 4 
695 |a Pszichológia magyar 19. sz., Kísérleti lélektan 
856 4 0 |u http://misc.bibl.u-szeged.hu/7056/1/mp_1895_0277_184-189.pdf  |z Dokumentum-elérés